Country focus (Record no. 82976)

MARC details
000 -LEADER
fixed length control field 00855cab a22002055a 4500
001 - CONTROL NUMBER
control field L152461
008 - FIXED-LENGTH DATA ELEMENTS--GENERAL INFORMATION
fixed length control field 110309e20111112xxk 000 0 eng d
035 ## - SYSTEM CONTROL NUMBER
System control number (Sirsi) u152461
041 0# - LANGUAGE CODE
Language code of text/sound track or separate title eng
100 1# - MAIN ENTRY--PERSONAL NAME
Personal name Morris, Colin
245 00 - TITLE STATEMENT
Title Country focus
Remainder of title Saudi Arabia
260 ## - PUBLICATION, DISTRIBUTION, ETC.
Date of publication, distribution, etc. 2011
490 ## - SERIES STATEMENT
Series statement Building
Volume/sequential designation 276 (8668) 4 March 2011, 50-52(3)
520 ## - SUMMARY, ETC.
Summary, etc. Looks at the investment opportunities which are due to Saudi Arabia's growing economy and population; snapshot look at the construction sector, the economy, commodity prices, first quarter 2011 costs (£m2), key data for Saudi Arabia; concludes that there is likely to be an increased level of government and private sector investment in construction.
590 ## - LOCAL NOTE (RLIN)
Local note KA
651 #4 - SUBJECT ADDED ENTRY--GEOGRAPHIC NAME
Geographic name Saudi Arabia
690 ## - LOCAL SUBJECT ADDED ENTRY--TOPICAL TERM (OCLC, RLIN)
Topical term or geographic name as entry element BUILT ENVIRONMENT-CONSTRUCTION MARKET
710 ## - ADDED ENTRY--CORPORATE NAME
Corporate name or jurisdiction name as entry element EC Harris
9 (RLIN) 4930
942 ## - ADDED ENTRY ELEMENTS (KOHA)
Suppress in OPAC 0
Holdings
Withdrawn status Lost status Source of classification or shelving scheme Damaged status Not for loan Home library Current library Shelving location Date acquired Total Checkouts Full call number Barcode Date last seen Copy number Price effective from Koha item type
    Dewey Decimal Classification     London London Journal article 09/03/2011   L152461 152461-1001 06/08/2019 1 06/08/2019 Journal article